| 000 | 00631nam a22001817a 4500 | ||
|---|---|---|---|
| 005 | 20251108165446.0 | ||
| 008 | 250721s1983 xx 000 0 ara d | ||
| 082 | 1 | 4 | _aم/216.1/فتا |
| 100 | 1 | _aعبده، محمد | |
| 245 | 1 | 0 | _aالفتاوى الإسلامية من دار الإفتاء المصريه / |
| 264 | 1 |
_aالقاهره : _bوزارة الأوقاف - المجلس الأعلى للشؤون الإسلاميه، _c1983-1980. |
|
| 300 | _a9مج | ||
| 650 | 1 | 7 | _aالإسلام |
| 650 | 1 | 7 | _aالفقه الإسلامي |
| 650 | 1 | 7 | _aأصول الدين الإسلامي |
| 942 |
_2ddc _cREF |
||
| 999 |
_c28408 _d28408 |
||